000 00515cam a2200157 4500
008 141010n 000 0 eng u
020 _a9780738719993
035 _a(Sirsi) a185468
050 _aBL 515 DAN 2010
100 _aDanelek, J. Allan
245 _aThe case for reincarnation:
_bunraveling the mysteries of the soul/
_cby J. Allan Danelek
260 _aWoodbury, Minn.:
_bLlewellyn Publications,
_c2010.
300 _a192p.
504 _aIncludes bibliographical references
650 _aReincarnation
999 _c121488
_d121488